| 000 | 00419cam a2200169ua 4500 | ||
|---|---|---|---|
| 020 | _c10.60 | ||
| 041 |
_aeng _h |
||
| 082 |
_a925.2 _bCLO/PL |
||
| 100 | _aClough, Arthur Hugh . | ||
| 245 |
_aPlutarch`s lives / _cArthur Hugh Clough. _hTextual Documents |
||
| 260 |
_aLondon : _bJ M Dent and Sons Ltd , _c1957. |
||
| 300 | _a547 ; . | ||
| 365 | _a10.60 | ||
| 504 | _a | ||
| 942 | _cBK | ||
| 999 |
_c12648 _d12648 |
||